00300nam a2200121Ia 4500003000400000008004100004082001500045100001900060245004400079260003900123300000800162650000800170OSt191201s1982 xx 000 0 und d a158.1bCAH aCARNEGIE, Dale 0aHow to Win Friends and Influence People aNew YorkbPocket Book Londonc1982 a276 aBBA